000 00670nam a2200193Ia 4500
003 GCL
008 140319s9999 xx 000 0 ara d
040 _aGCL /
_cGCL
082 0 4 _a230
_bذ ح
100 1 _aابواسماعيل هشام بن اسماعيل
245 1 0 _aحق الجار /
_cابواسماعيل هشام بن اسماعيل
260 _aالرياض :
_bدار عالم الكتب للنشر والتوزيع ،
_c1985
300 _a65 ص ؛
_c24 سم
490 _aالاجزاء ا لحديثية
_v1
650 0 4 _aالشريعة الاسلامية
650 0 4 _aالاحاديث النبوية
650 0 4 _aحق الجار
942 _2ddc
_cBK
999 _c54401
_d54401